| 000 | 00613nam a2200205 a 4500 | ||
|---|---|---|---|
| 005 | 20210223125403.0 | ||
| 008 | 040614s2002 ea r 000 0 spa d | ||
| 020 | _a0415253411 | ||
| 035 | _aUPN01000133709 | ||
| 049 | _aCG | ||
| 050 | 4 |
_aLB3013 _bM3.2 |
|
| 100 | 1 | _aMathieson, Kay | |
| 245 | 1 | 0 |
_aBetter behaviour in classrooms : _ba framework for inclusive behaviour management / _cKay Mathieson and Meg Price. |
| 260 |
_aLondon : _bRoutledge Falmer, _c2002. |
||
| 300 | _a94 p. | ||
| 500 | _aEngargolado | ||
| 650 | 4 |
_aMANEJO DEL SALON DE CLASES _95630 |
|
| 700 | 1 |
_aPrice, Meg, _ecoaut. |
|
| 905 | _aLibro | ||
| 999 |
_c105860 _d105860 |
||